000 00600nam a2200157Ia 4500
008 090711s9999 xx 000 0 und d
082 _b58990
100 _aप्रभुदेसाई वि. बा.
245 _aश्री उाgऎष्ण Sारित्र कथा
260 _c1975
600 _aप्रभुदेसाई वि. बा.
630 _aश्री उाgऎष्ण Sारित्र कथा
700 _aप्रभुदेसाई वि. बा.
730 _aश्री उाgऎष्ण Sारित्र कथा
942 _cBOOK
999 _c327873
_d327873